000 00813nam a2200205Ia 4500
003 GCL
008 140319s9999 xx 000 0 ara d
040 _aGCL /
_cGCL
082 0 4 _a811.1
_bم م
100 1 _aمحمد عنانى
245 1 0 _aالمختار من اشعار المرآه العربية فى الجاهلية والآسلام /
_cمحمد عنانى
300 _a132 ص
490 _aمكتبة الاسرة
_v0
650 0 4 _aالشعر العربى - دواوين وقصائد
650 0 4 _aالادب العربى - العصر الجاهلى
650 0 4 _aالادب العربى - عصر صدر الاسلام
650 0 4 _aالشعر العربى - عصر صدر الاسلام
650 0 4 _aالشعر العربى - تاريخ ونقد - العصر الجاهلى
942 _2ddc
_cBK
999 _c50197
_d50197